000
00182 a2200097 4500
020
_a
9780345402875
041
_a
eng
100
_a
Michael Crichton
245
_a
Airframe
942
_c
BK
999
_c
11263
_d
11263